| 000 | 00814nam a2200253 a 4500 | ||
|---|---|---|---|
| 999 |
_c12042 _d12042 |
||
| 001 | 12042 | ||
| 003 | BD-JhCC | ||
| 005 | 20210309094314.0 | ||
| 008 | 210309b20062018bg a|||| ||a| 000 0 mul d | ||
| 035 | _a(BD-JhCC)12042 | ||
| 040 |
_aBD-JhCC _dBD-JhCC |
||
| 041 | _amul | ||
| 082 |
_a005.5 _bASH 2018 |
||
| 100 | _aAshraf, Bappi | ||
| 245 |
_aমাইক্রোসফট অফিস ট্রেনিং গাইড / _c Bappi Ashraf |
||
| 260 |
_aঢাকা : _bজ্ঞানকোষ প্রকাশনী ; _c২০১৮. |
||
| 300 |
_a328 p. : _bill _c24 cm. |
||
| 650 | _aMicrosoft Office, Microsoft Word | ||
| 650 | _aMicrosoft Excel (Computer file) | ||
| 650 | _aMicrosoft PowerPoint (Computer file) | ||
| 650 | _aBusiness--Computer programs | ||
| 942 |
_2ddc _cBK |
||